[Event "St Petersburg-ch Seniors Rapid"]
[Site "St Petersburg"]
[Date "2022.10.04"]
[Round "8"]
[White "Kalegin, Evgenij"]
[Black "Mishuchkov, Nikolai Mikhailovic"]
[Result "1/2-1/2"]
[WhiteElo "2286"]
[BlackElo "2244"]
[PlyCount "94"]
[EventDate "2022.10.03"]
[EventType "swiss (rapid)"]
[EventRounds "10"]
[EventCountry "RUS"]
[SourceTitle "EXT 2024"]
[Source "ChessBase"]
[SourceDate "2023.10.10"]
[SourceVersion "1"]
[SourceVersionDate "2023.10.10"]
[SourceQuality "1"]

1. e4 c5 2. Nf3 e6 3. Nc3 a6 4. g3 b5 5. Bg2 Bb7 6. d4 cxd4 7. Nxd4 Nf6 8. a3 d6 9. 0-0 Nbd7 10. Re1 Qc7 11. a4 b4 12. Na2 Be7 13. Nxb4 d5 14. exd5 Bxb4 15. c3 Be7 16. dxe6 Nc5 17. exf7+ Kxf7 18. Bf4 Qd7 19. Bxb7 Qxb7 20. b4 Ncd7 21. Nf5 Bf8 22. Bd6 Qd5 23. Qc2 g6 24. Bxf8 Qxf5 25. Qxf5 gxf5 26. Bd6 Rhe8 27. c4 Ne4 28. Bf4 Ne5 29. Bxe5 Rxe5 30. b5 Rc5 31. Rec1 Nd6 32. Rd1 Nxc4 33. bxa6 Ke6 34. Re1+ Re5 35. Rec1 Rc5 36. Re1+ Kd6 37. Rad1+ Rd5 38. Rc1 Nd2 39. Kg2 Ne4 40. Re2 Rxa6 41. f3 Nc5 42. Rc4 Rxa4 43. Rxa4 Nxa4 44. Re8 h5 45. Rd8+ Kc5 46. Rxd5+ Kxd5 47. Kh3 Ke5 1/2-1/2

[Event "Helsinki Seniors"]
[Site "Helsinki"]
[Date "2019.08.15"]
[Round "4"]
[White "Mishuchkov, Nikolai Mikhailovic"]
[Black "Hammar, Bengt Erik"]
[Result "1/2-1/2"]
[WhiteElo "2274"]
[BlackElo "2199"]
[PlyCount "105"]
[EventDate "2019.08.14"]
[EventType "tourn"]
[EventRounds "9"]
[EventCountry "FIN"]
[SourceTitle "CBM 191 Extra"]
[Source "ChessBase"]
[SourceDate "2019.09.30"]
[SourceVersion "1"]
[SourceVersionDate "2019.09.30"]
[SourceQuality "1"]

1. d4 Nf6 2. Nf3 g6 3. Bg5 Ne4 4. Bh4 d5 5. Nbd2 Bg7 6. c3 c5 7. e3 Nxd2 8. Qxd2 cxd4 9. cxd4 0-0 10. Be2 Bg4 11. 0-0 Nc6 12. Rfc1 Qd7 13. h3 Bxf3 14. Bxf3 Rfc8 15. Rc2 e6 16. Rac1 a6 17. a3 Na7 18. Qa5 Rxc2 19. Rxc2 Rc8 20. Rxc8+ Nxc8 21. Qd8+ Qxd8 22. Bxd8 Kf8 23. Ba5 Ke8 24. Kf1 h5 25. b3 f5 26. g4 hxg4 27. hxg4 Bf8 28. a4 b6 29. Be1 a5 30. gxf5 gxf5 31. Bh5+ Kd7 32. f3 Bb4 33. Bg3 Bd6 34. Bf2 Ne7 35. Ke2 Ng8 36. Bg6 Nf6 37. Bh4 Be7 38. Bg3 Bd6 39. Bh4 Be7 40. Kd3 Ng8 41. Be1 Nf6 42. Ke2 Bd6 43. Bh4 Be7 44. Bg3 Bd6 45. Bf2 Be7 46. Kf1 Bd8 47. Kg2 Ke7 48. Kh3 Kd7 49. Bh4 Be7 50. Bg5 Ng8 51. Kh4 Bxg5+ 52. Kxg5 Ke7 53. e4 1/2-1/2

[Event "Helsinki Seniors"]
[Site "Helsinki"]
[Date "2019.08.14"]
[Round "2"]
[White "Mishuchkov, Nikolai Mikhailovic"]
[Black "Karasev, Vladimir I"]
[Result "1/2-1/2"]
[WhiteElo "2274"]
[BlackElo "2283"]
[PlyCount "29"]
[EventDate "2019.08.14"]
[EventType "tourn"]
[EventRounds "9"]
[EventCountry "FIN"]
[SourceTitle "CBM 191 Extra"]
[Source "ChessBase"]
[SourceDate "2019.09.30"]
[SourceVersion "1"]
[SourceVersionDate "2019.09.30"]
[SourceQuality "1"]

1. Nf3 Nf6 2. c4 c6 3. d4 d5 4. e3 e6 5. Bd3 Nbd7 6. Nbd2 Bd6 7. 0-0 0-0 8. b3 e5 9. cxd5 cxd5 10. dxe5 Nxe5 11. Be2 Qe7 12. Bb2 Rd8 13. Nxe5 Bxe5 14. Bxe5 Qxe5 15. Nf3 1/2-1/2

[Event "Agzamov Memorial 13th"]
[Site "Tashkent"]
[Date "2019.03.17"]
[Round "8"]
[White "Mirzoev, Azer"]
[Black "Mishuchkov, Nikolai Mikhailovic"]
[Result "0-1"]
[WhiteElo "2477"]
[BlackElo "2292"]
[PlyCount "118"]
[EventDate "2019.03.12"]
[EventType "swiss"]
[EventRounds "9"]
[EventCountry "UZB"]
[SourceTitle "CBM 189 Extra"]
[Source "ChessBase"]
[SourceDate "2019.06.03"]
[SourceVersion "1"]
[SourceVersionDate "2019.06.03"]
[SourceQuality "1"]

1. d4 Nf6 2. c4 e6 3. Nc3 Bb4 4. Qc2 0-0 5. a3 Bxc3+ 6. Qxc3 d6 7. Bg5 Nbd7 8. e3 b6 9. Bd3 Bb7 10. f3 d5 11. cxd5 exd5 12. Ne2 h6 13. Bh4 c5 14. 0-0 Qe7 15. Bf2 a5 16. Rfe1 Ba6 17. Bf5 Bxe2 18. Rxe2 cxd4 19. Qxd4 Qe5 20. Qxe5 Nxe5 21. Rd1 b5 22. Be1 Nc4 23. Bc3 Rfd8 24. Kf2 Ne8 25. g4 Nc7 26. h4 b4 27. axb4 axb4 28. Bxb4 Rab8 29. Bc3 Nb5 30. Bd3 Nxc3 31. bxc3 Nb2 32. Rdd2 Na4 33. Rc2 Rb3 34. Red2 Nxc3 35. Bc4 Ra3 36. e4 d4 37. Rd3 Nb1 38. Bb3 Kf8 39. Rc1 Nd2 40. Bc2 Nc4 41. Rxa3 Nxa3 42. Bd3 Rb8 43. e5 Rb2+ 44. Ke1 Rb3 45. Rc8+ Ke7 46. Be4 Rc3 47. Rg8 Nc4 48. Ke2 g6 49. Ra8 Nxe5 50. Ra7+ Kd6 51. Ra6+ Ke7 52. Ra7+ Kf8 53. Ra8+ Kg7 54. Re8 Re3+ 55. Kf2 Nxf3 56. Bc6 Rxe8 57. Bxe8 Nxh4 58. Ke2 Kf6 59. Kd3 Nf3 0-1

[Event "Tashkent 8th March"]
[Site "Tashkent"]
[Date "2019.03.10"]
[Round "8"]
[White "Kazakouski, Valery"]
[Black "Mishuchkov, Nikolai Mikhailovic"]
[Result "1/2-1/2"]
[WhiteElo "2456"]
[BlackElo "2292"]
[PlyCount "85"]
[EventDate "2019.03.06"]
[EventType "tourn"]
[EventRounds "9"]
[EventCountry "UZB"]
[SourceTitle "CBM 189 Extra"]
[Source "ChessBase"]
[SourceDate "2019.06.03"]
[SourceVersion "1"]
[SourceVersionDate "2019.06.03"]
[SourceQuality "1"]

1. Nf3 Nf6 2. c4 e6 3. g3 d5 4. b3 Be7 5. Bb2 0-0 6. Bg2 b6 7. 0-0 Bb7 8. e3 Nbd7 9. Qe2 a5 10. d3 a4 11. Nbd2 axb3 12. axb3 dxc4 13. dxc4 Bb4 14. Rxa8 Bxa8 15. Rd1 Qe8 16. h3 Ne4 17. Nxe4 Bxe4 18. Ne5 Nxe5 19. Bxe4 Ng6 20. h4 f5 21. Bg2 Bd6 22. b4 Be5 23. Bd4 Bf6 24. Bxf6 gxf6 25. c5 bxc5 26. bxc5 Qa4 27. e4 Ne5 28. c6 Kh8 29. exf5 exf5 30. Qd2 Rb8 31. Re1 Qa3 32. Qf4 Qc3 33. Rf1 Qd3 34. Qh6 Ng4 35. Qf4 Ne5 36. Qc1 Rd8 37. Qc5 Qd6 38. Qxd6 Rxd6 39. Rb1 Nxc6 40. Rc1 Ne5 41. Rxc7 Rd1+ 42. Bf1 f4 43. gxf4 1/2-1/2

[Event "WchT Seniors 65"]
[Site "Dresden"]
[Date "2018.07.11"]
[Round "5.1"]
[White "Balashov, Yuri S"]
[Black "Mishuchkov, Nikolai Mikhailovic"]
[Result "1-0"]
[WhiteElo "2423"]
[BlackElo "2311"]
[PlyCount "76"]
[EventDate "2018.07.07"]
[EventType "team-swiss"]
[EventRounds "9"]
[EventCountry "GER"]
[SourceTitle "CBM 185 Extra"]
[Source "ChessBase"]
[SourceDate "2018.07.29"]
[SourceVersion "1"]
[SourceVersionDate "2018.07.29"]
[SourceQuality "1"]
[WhiteTeam "Russia"]
[BlackTeam "St Petersburg"]
[WhiteTeamCountry "RUS"]
[BlackTeamCountry "RUS"]

1. e4 c5 2. Nf3 e6 3. Nc3 Nc6 4. d4 cxd4 5. Nxd4 a6 6. Be3 Nf6 7. Bd3 Qc7 8. 0-0 Bd6 9. h3 Bf4 10. Bxf4 Qxf4 11. Nxc6 dxc6 12. Qe2 e5 13. a4 Qg5 14. Qf3 h5 15. a5 Bg4 16. Qg3 h4 17. f4 exf4 18. Qxf4 Qxf4 19. Rxf4 Be6 20. e5 Nd7 21. Bf5 0-0-0 22. Bxe6 fxe6 23. Raa4 Nxe5 24. Rxh4 Rxh4 25. Rxh4 Rd2 26. Rh8+ Kc7 27. Rh7 Rd7 28. Na4 Re7 29. Nc5 Kd6 30. b4 Nc4 31. h4 Ne3 32. c3 Nd5 33. h5 Nf6 34. Rh8 Kd5 35. h6 gxh6 36. Rxh6 Ne8 37. Rh4 e5 38. c4+ Kd6 1-0

[Event "Prague op 17th"]
[Site "Prague"]
[Date "2018.01.19"]
[Round "9"]
[White "Druska, Juraj"]
[Black "Mishuchkov, Nikolai Mikhailovic"]
[Result "1/2-1/2"]
[WhiteElo "2435"]
[BlackElo "2303"]
[PlyCount "75"]
[EventDate "2018.01.12"]
[EventType "swiss"]
[EventRounds "9"]
[EventCountry "CZE"]
[SourceTitle "CBM 182 Extra"]
[Source "ChessBase"]
[SourceDate "2018.02.23"]
[SourceVersion "1"]
[SourceVersionDate "2018.02.23"]
[SourceQuality "1"]

1. e4 c5 2. Nf3 e6 3. d4 cxd4 4. Nxd4 a6 5. Bd3 Nc6 6. Nxc6 dxc6 7. 0-0 e5 8. Nd2 Nf6 9. a4 Bc5 10. Nc4 Nd7 11. a5 0-0 12. Qe2 Re8 13. c3 Nf6 14. Be3 Qe7 15. Bxc5 Qxc5 16. b4 Qe7 17. Qe3 Rd8 18. Be2 h6 19. f3 Bd7 20. Qc5 Qxc5+ 21. bxc5 Be6 22. Nxe5 Rd2 23. Kf2 Re8 24. Rfd1 Rb2 25. c4 Re7 26. Rdb1 Rxb1 27. Rxb1 Bc8 28. Nd3 Nd7 29. Rd1 g5 30. Nc1 Kg7 31. Nd3 Ne5 32. Nb2 Be6 33. Ke3 f5 34. Rd8 fxe4 35. fxe4 Bg4 36. Bf3 Bxf3 37. gxf3 Rf7 38. Re8 1/2-1/2

[Event "Prague op 17th"]
[Site "Prague"]
[Date "2018.01.17"]
[Round "7"]
[White "Mishuchkov, Nikolai Mikhailovic"]
[Black "Lalic, Bogdan"]
[Result "1/2-1/2"]
[WhiteElo "2303"]
[BlackElo "2415"]
[PlyCount "21"]
[EventDate "2018.01.12"]
[EventType "swiss"]
[EventRounds "9"]
[EventCountry "CZE"]
[SourceTitle "CBM 182 Extra"]
[Source "ChessBase"]
[SourceDate "2018.02.23"]
[SourceVersion "1"]
[SourceVersionDate "2018.02.23"]
[SourceQuality "1"]

1. d4 Nf6 2. Nf3 g6 3. g3 c5 4. c3 b6 5. Bg2 Bb7 6. 0-0 Bg7 7. Qb3 cxd4 8. Ne5 d5 9. cxd4 0-0 10. Nc3 Nc6 11. Nxc6 1/2-1/2

[Event "St Petersburg rapid"]
[Site "St Petersburg"]
[Date "2017.08.26"]
[Round "3"]
[White "Mishuchkov, Nikolai Mikhailovic"]
[Black "Yudin, Sergei"]
[Result "0-1"]
[WhiteElo "2320"]
[BlackElo "2517"]
[PlyCount "74"]
[EventDate "2017.08.26"]
[EventType "swiss (rapid)"]
[EventRounds "11"]
[EventCountry "RUS"]
[SourceTitle "CBM 180 Extra"]
[Source "ChessBase"]
[SourceDate "2017.10.06"]
[SourceVersion "1"]
[SourceVersionDate "2017.10.06"]
[SourceQuality "1"]

1. d4 d5 2. Nf3 c6 3. c4 e6 4. e3 Bd6 5. Bd3 f5 6. Ne5 Nf6 7. 0-0 0-0 8. Nd2 Bxe5 9. dxe5 Ng4 10. Nf3 Nd7 11. cxd5 Ndxe5 12. Be2 exd5 13. b3 Qd6 14. g3 Nxf3+ 15. Bxf3 Bd7 16. Bb2 Rae8 17. Bg2 a6 18. a4 Qh6 19. h3 Nf6 20. Qd4 Ne4 21. b4 Rf7 22. Rad1 f4 23. exf4 Bxh3 24. Rde1 Rfe7 25. b5 Qh5 26. bxc6 bxc6 27. Re3 c5 28. Qd1 Qxd1 29. Rxd1 Bxg2 30. Kxg2 d4 31. Re2 Kf7 32. Rc2 Rb8 33. Bc1 Rb3 34. f3 Nc3 35. Rh1 d3 36. Rd2 c4 37. Rh5 Ne2 0-1

[Event "Heart of Finland op 27th"]
[Site "Jyvaskyla"]
[Date "2017.07.20"]
[Round "5"]
[White "Paronen, Petteri"]
[Black "Mishuchkov, Nikolai Mikhailovic"]
[Result "1/2-1/2"]
[WhiteElo "2190"]
[BlackElo "2316"]
[PlyCount "53"]
[EventDate "2017.07.17"]
[EventType "swiss"]
[EventRounds "9"]
[EventCountry "FIN"]
[SourceTitle "CBM 179 Extra"]
[Source "ChessBase"]
[SourceDate "2017.08.23"]
[SourceVersion "1"]
[SourceVersionDate "2017.08.23"]
[SourceQuality "1"]

1. e4 c5 2. Na3 e6 3. c3 d5 4. Bb5+ Bd7 5. Bxd7+ Qxd7 6. exd5 exd5 7. Qe2+ Be7 8. Nf3 Nc6 9. 0-0 Nf6 10. Nc2 d4 11. cxd4 cxd4 12. d3 0-0 13. Bg5 Rfe8 14. Qd2 h6 15. Bxf6 Bxf6 16. Rfe1 Qd5 17. Nb4 Nxb4 18. Qxb4 Rxe1+ 19. Rxe1 b6 20. Qc4 Qxc4 21. dxc4 Rc8 22. b3 a6 23. Kf1 b5 24. cxb5 axb5 25. Rd1 Ra8 26. Rd2 d3 27. a4 1/2-1/2

[Event "Heart of Finland op 27th"]
[Site "Jyvaskyla"]
[Date "2017.07.18"]
[Round "3"]
[White "Mattila, Olavi"]
[Black "Mishuchkov, Nikolai Mikhailovic"]
[Result "0-1"]
[WhiteElo "1829"]
[BlackElo "2316"]
[PlyCount "62"]
[EventDate "2017.07.17"]
[EventType "swiss"]
[EventRounds "9"]
[EventCountry "FIN"]
[SourceTitle "CBM 179 Extra"]
[Source "ChessBase"]
[SourceDate "2017.08.23"]
[SourceVersion "1"]
[SourceVersionDate "2017.08.23"]
[SourceQuality "1"]

1. e4 c5 2. Nf3 a6 3. c3 d6 4. h3 Nf6 5. Be2 Nbd7 6. d3 e5 7. Na3 Be7 8. Nc2 0-0 9. 0-0 Re8 10. Nh2 d5 11. exd5 Nxd5 12. Ng4 Bg5 13. Bf3 Bxc1 14. Bxd5 Bxb2 15. Rb1 Bxc3 16. Bxb7 Bxb7 17. Rxb7 Qc8 18. Rb3 Bd4 19. Nxd4 exd4 20. f4 Qc6 21. Rb2 Rab8 22. Rbf2 f6 23. Rd2 Nb6 24. Rf3 Nd5 25. Nf2 Nc3 26. Qc2 Re1+ 27. Kh2 Rbb1 28. Nd1 Rbxd1 29. Qb3+ c4 30. Rxd1 cxb3 31. Rxe1 b2 0-1

[Event "Wch Seniors 65 26th"]
[Site "Marianske Lazne"]
[Date "2016.11.26"]
[Round "7"]
[White "Babula, Milan"]
[Black "Mishuchkov, Nikolai Mikhailovic"]
[Result "0-1"]
[WhiteElo "2210"]
[BlackElo "2319"]
[PlyCount "162"]
[EventDate "2016.11.19"]
[EventType "swiss"]
[EventRounds "11"]
[EventCountry "CZE"]
[SourceTitle "CBM 175 Extra"]
[Source "ChessBase"]
[SourceDate "2016.12.12"]
[SourceVersion "1"]
[SourceVersionDate "2016.12.12"]
[SourceQuality "1"]

1. e4 c5 2. Nf3 e6 3. d4 cxd4 4. Nxd4 a6 5. Nd2 d6 6. Bd3 Nf6 7. 0-0 Be7 8. c4 Qb6 9. N2b3 Nbd7 10. Be3 Qc7 11. f4 b6 12. h3 Bb7 13. Qc2 Nc5 14. Nxc5 bxc5 15. Ne2 Nd7 16. Nc3 Bf6 17. Rac1 h6 18. a3 0-0 19. Qf2 Rac8 20. Rfd1 Rfd8 21. g4 Bxc3 22. Rxc3 Nf6 23. Re1 Nxe4 24. Bxe4 Bxe4 25. Bxc5 dxc5 26. Rxe4 Rd1+ 27. Kh2 Qc6 28. Re1 Rcd8 29. Rc2 Rxe1 30. Qxe1 Rd4 31. Qe3 Qd6 32. Qe5 Qxe5 33. fxe5 a5 34. Kg3 Rd3+ 35. Kf4 Rxh3 36. b4 axb4 37. axb4 cxb4 38. Rb2 b3 39. Ke4 Kf8 40. Kd4 Ke7 41. Kc5 Rc3 42. Kb4 Re3 43. c5 Kd7 44. Kb5 Kc7 45. Rf2 f5 46. exf6 gxf6 47. Kc4 Kc6 48. Kd4 Re5 49. Rxf6 b2 50. Kxe5 b1Q 51. Rxe6+ Kxc5 52. Rxh6 Qg1 53. Kf5 Kd5 54. g5 Qf2+ 55. Kg4 Qe2+ 56. Kh4 Qe4+ 57. Kh5 Qf3+ 58. Kh4 Qf4+ 59. Kh5 Qf7+ 60. Kg4 Qd7+ 61. Kf4 Qa4+ 62. Kg3 Qb3+ 63. Kg4 Qc4+ 64. Kg3 Qd3+ 65. Kg4 Ke5 66. Rf6 Qh7 67. Rh6 Qe4+ 68. Kh5 Kf4 69. Rf6+ Kg3 70. Kh6 Kg4 71. g6 Qe5 72. Rf8 Qh2+ 73. Kg7 Qb2+ 74. Kh6 Qh2+ 75. Kg7 Kg5 76. Rf7 Qb2+ 77. Kh7 Qc2 78. Rg7 Qd3 79. Rg8 Qh3+ 80. Kg7 Qd7+ 81. Kh8 Kh6 0-1

[Event "Wch Seniors 65 26th"]
[Site "Marianske Lazne"]
[Date "2016.11.21"]
[Round "3"]
[White "Titz, Heimo"]
[Black "Mishuchkov, Nikolai Mikhailovic"]
[Result "0-1"]
[WhiteElo "2189"]
[BlackElo "2319"]
[PlyCount "138"]
[EventDate "2016.11.19"]
[EventType "swiss"]
[EventRounds "11"]
[EventCountry "CZE"]
[SourceTitle "CBM 175 Extra"]
[Source "ChessBase"]
[SourceDate "2016.12.12"]
[SourceVersion "1"]
[SourceVersionDate "2016.12.12"]
[SourceQuality "1"]

1. c4 e6 2. Nf3 d5 3. g3 dxc4 4. Qa4+ Bd7 5. Qxc4 c5 6. d3 Nc6 7. Bg2 Nf6 8. 0-0 Rc8 9. Nbd2 Be7 10. Qb3 b5 11. a3 0-0 12. Qd1 Qb6 13. b3 Nd5 14. Bb2 Bf6 15. Bxf6 Nxf6 16. Rc1 Nd4 17. e3 Nxf3+ 18. Nxf3 Bc6 19. Qc2 h6 20. Rfd1 Qb7 21. e4 Nd7 22. Qb2 Qb8 23. Re1 Bb7 24. Qe2 Ne5 25. Qe3 Rfd8 26. Rc3 b4 27. axb4 cxb4 28. Rxc8 Nxf3+ 29. Bxf3 Bxc8 30. Rc1 e5 31. Rc6 Be6 32. Bd1 Qb5 33. Rxe6 fxe6 34. Bg4 Qxd3 35. Bxe6+ Kh8 36. Qxa7 Qxe4 37. Bc4 Rd1+ 38. Bf1 Qe2 39. Qa8+ Kh7 40. Qg2 e4 41. h4 Qf3 42. h5 Kh8 43. Qh3 Rd2 44. Qc8+ Kh7 45. Qc5 e3 46. Qxe3 Qxe3 47. fxe3 Kg8 48. Bc4+ Kf8 49. Kf1 Ke7 50. g4 Rb2 51. Ke1 Kf6 52. Kd1 Ke5 53. Kc1 Rg2 54. Bb5 Rxg4 55. Kd2 Rg5 56. Be8 Rg1 57. Ke2 Rb1 58. Bf7 Kf6 59. Bd5 Ke5 60. Bf7 Rh1 61. Kd3 Rc1 62. Ke2 Kf6 63. Bd5 Rc5 64. Bf3 Rc2+ 65. Kd3 Rc3+ 66. Kd4 Rxb3 67. Bd5 Rb1 68. Bf3 b3 69. e4 Re1 0-1